| 000 | 00825nam a22002057a 4500 | ||
|---|---|---|---|
| 999 |
_c9297 _d9297 |
||
| 003 | AR-CdUCM | ||
| 008 | 190327b ||||| |||| 00| 0 spa d | ||
| 040 |
_aMUNICIPALIDAD PROVINCIAL DEL CUSCO _cBIBLIOTECA MUNICIPAL DEL CUSCO |
||
| 082 |
_a170 / _bH66 / 1907 |
||
| 100 |
_aHoffding, Harald _925404 |
||
| 245 |
_aLa moral : _bensayo sobre los principios teóricos y su aplicación a las circunstancias particulares de la vida / |
||
| 260 |
_aBarcelona : _bImprenta de Henrich y Comp.a en C., _c1907. |
||
| 300 |
_atomos ; _c17 cm. |
||
| 505 | _aContenido: t.1. Principios de ética -- t.2. La moral individual, social y de familia -- t.3. La libre asociación de cultura | ||
| 650 |
_aÉtica _91337 |
||
| 650 |
_aMoral cristiana _925405 |
||
| 700 |
_aUmbert, Pedro (traductor) _925406 |
||
| 942 |
_2ddc _cLIBROS |
||
| 945 | _azta | ||